[Event "16th Lienz-Open 2011"]
[Site "Lienz AUT"]
[Date "2011.02.13"]
[Round "3"]
[White "Mueller,Marc"]
[Black "Zozulia,A"]
[Result "0-1"]
[WhiteElo "2159"]
[BlackElo "2347"]

1.e4 c5 2.Nf3 Nc6 3.Bb5 e6 4.O-O Nge7 5.c3 a6 6.Ba4 b5 7.Bc2 c4 8.Qe2 Ng6
9.d4 cxd3 10.Bxd3 Qc7 11.g3 Bb7 12.a4 b4 13.Be3 Nge5 14.Nxe5 Nxe5 15.cxb4 Bxb4
16.Bf4 Qa5 17.Bc2 Rc8 18.Bb3 O-O 19.Na3 Ng6 20.Bc1 Qe5 21.f3 d5 22.Be3 Bc5
23.Rf2 d4 24.Nc4 dxe3 25.Nxe5 exf2+ 26.Kg2 Nxe5 27.Rf1 Rfd8 28.Rxf2 Bxf2
29.Qxf2 h5  0-1

[Event "16th Lienz-Open 2011"]
[Site "Lienz AUT"]
[Date "2011.02.13"]
[Round "3"]
[White "Hartl,D"]
[Black "Petrov,Marij"]
[Result "1/2-1/2"]
[WhiteElo "2242"]
[BlackElo "2535"]

1.e4 c5 2.Nf3 Nc6 3.Bb5 g6 4.O-O Bg7 5.Re1 Nf6 6.e5 Nd5 7.Nc3 Nc7 8.Bxc6 dxc6
9.Ne4 Ne6 10.d3 b6 11.Bd2 O-O 12.Qc1 Nd4 13.Nxd4 cxd4 14.Bh6 c5 15.a4 Bb7
16.b3 Qd5 17.Bxg7 Kxg7 18.Qg5 Rae8 19.Re2 f6 20.exf6+ exf6 21.Qxd5 Bxd5 22.Rae1 Rd8
23.f4 Rfe8 24.Kf2 Re7 25.g3 h6 26.g4 Bc6 27.h3 Rdd7 28.h4 Bd5 29.Kg3 f5 30.Nf2 Rxe2
31.Rxe2 fxg4 32.Nxg4 h5 33.Ne5 Re7 34.Re1 Kf6 35.Rg1 Bf7 36.Kf3 Bd5+ 37.Kg3 Bf7
38.Kf3 Bd5+  1/2-1/2

[Event "ch-ROU Women"]
[Site "Sarata Monteoru ROU"]
[Date "2011.02.13"]
[Round "2.9"]
[White "Mosnegutu,M"]
[Black "Lolici,I"]
[Result "1-0"]
[WhiteElo "2178"]
[BlackElo "1988"]

1.e4 c5 2.Nf3 Nc6 3.Bb5 Qc7 4.O-O a6 5.Bxc6 Qxc6 6.Nc3 b5 7.d4 b4 8.d5 Qc7
9.Ne2 d6 10.Bf4 Bg4 11.Ng3 g6 12.h3 Bxf3 13.Qxf3 Bg7 14.e5 dxe5 15.d6 Qc8
16.d7+ Kxd7 17.Qd5+ Ke8 18.Bxe5 Bxe5 19.Qxe5 f6 20.Qd5 e6 21.Rfe1 Kf7 22.Rxe6 Qxe6
23.Qxa8 Kg7 24.Rd1 Ne7 25.Qa7 c4 26.Kf1 Re8 27.Re1 Qf7 28.Qxa6 b3 29.axb3 cxb3
30.cxb3 Qxb3 31.Qa7 Qc4+ 32.Kg1 Qb4 33.Re4 Qd6 34.b4 f5 35.Rc4 Kf8 36.b5 Rb8
37.Qa1 Rxb5 38.Qh8+ Kf7 39.Qxh7+ Kf6 40.Qh8+ Kf7 41.h4 Rb8 42.Qh7+ Kf6 43.Qh6 Rb1+
44.Kh2 Rb4 45.Qg5+ Kf7 46.Rxb4 Qxb4 47.h5 gxh5 48.Nxf5 Qb8+ 49.g3 Qe5 50.Qxe7+  1-0

[Event "ch-St Petersburg Women"]
[Site "St Petersburg RUS"]
[Date "2011.02.15"]
[Round "5"]
[White "Gudkina,Zhanna"]
[Black "Sokolova,V"]
[Result "0-1"]
[WhiteElo "1766"]
[BlackElo "2053"]

1.e4 c5 2.Nf3 Nc6 3.Bb5 g6 4.Bxc6 dxc6 5.d3 Bg7 6.h3 Nf6 7.Nc3 O-O 8.Bf4 Nd7
9.Qd2 Re8 10.Bh6 Bh8 11.h4 e5 12.O-O-O Nf6 13.Nh2 b5 14.f3 Qa5 15.Kb1 Be6
16.b3 c4 17.Bg5 b4 18.Na4 c3 19.Qe3 Nd7 20.Rdg1 Bg7 21.h5 Nb6 22.Nc5 f6 23.Bh4 g5
24.Bf2 Bc8 25.Ng4 Kf7 26.h6 Bf8 27.Nxf6 Qa3 28.Qc1 Qxc1+ 29.Kxc1 Kxf6 30.d4 Kg6
31.Nd3 Nd7 32.g3 Bxh6 33.f4 exf4 34.Nxf4+ Kg7 35.Nh5+ Kf7 36.e5 c5 37.Nf4 Kg7
38.Nh5+ Kg8 39.Nf4 Bg7 40.Nd3 cxd4 41.Bxd4 Nxe5 42.Bxe5 Bxe5 43.Nxb4 Bb7
44.Rh5 Bf6 45.Nd3 Re2 46.Rf1 Rae8 47.Rh6 Bg7 48.Rd6 Be4 49.Ne1 Bg6 50.Rd1 Bd4
51.Rxd4 Rxe1+ 52.Rxe1 Rxe1+ 53.Rd1 Re2 54.Rd8+ Kg7 55.Rd7+ Kf6 56.Kd1 Rg2
57.Rxa7 Bxc2+ 58.Ke1 Bd3 59.Rc7 c2 60.a4 Re2+  0-1

[Event "16th Lienz-Open 2011"]
[Site "Lienz AUT"]
[Date "2011.02.16"]
[Round "6"]
[White "Zozulia,A"]
[Black "Gorgs,A"]
[Result "1-0"]
[WhiteElo "2347"]
[BlackElo "2188"]

1.e4 c5 2.Nf3 Nc6 3.Bb5 g6 4.O-O Bg7 5.c3 Nf6 6.Re1 O-O 7.d4 cxd4 8.cxd4 d5
9.e5 Ne4 10.Nc3 Bf5 11.Qa4 Rc8 12.Bxc6 bxc6 13.Qxa7 c5 14.dxc5 Rxc5 15.Be3 Ra5
16.Qd4 e6 17.Nxe4 Bxe4 18.Nd2 Bc2 19.Qc3 Bf5 20.b4 Ra4 21.Nb3 Qb8 22.Bc5 Rc8
23.a3 Qc7 24.h3 Be4 25.Ra2 Bxe5 26.Nd4 g5 27.Qb3 Rca8 28.Nb5 Qb8 29.Nc3 Bd3
30.Nxd5 exd5 31.Qxd3 Bf6 32.Qf5 Kg7 33.Re3 d4 34.Rf3 Qd8 35.b5 Rc4 36.g3 Ra5
37.a4 Rcxa4 38.Rxa4 Rxa4 39.b6 Ra5 40.Bf8+ Kxf8 41.Qxa5 d3 42.Qa3+ Kg7 43.Qxd3 Qxb6
44.Qf5 Qd4 45.Kg2 Qd8 46.Rd3 Qe8 47.Rd7 h6 48.Qd5 Kg6 49.Ra7 Kg7 50.Kf3 Qf8
51.Kg4 Qe8 52.Kh5 Qe2+ 53.f3 Qe8 54.Qf5 Qc6 55.Qg6+ Kh8 56.Rxf7 Qxf3+ 57.Kxh6  1-0

[Event "ch-ROU Men"]
[Site "Sarata Monteoru ROU"]
[Date "2011.02.16"]
[Round "6.20"]
[White "Dan,Cr"]
[Black "Posedaru,B"]
[Result "0-1"]
[WhiteElo "1983"]
[BlackElo "2322"]

1.e4 c5 2.Nf3 Nc6 3.Bb5 d6 4.O-O Bd7 5.Nc3 Nf6 6.d4 cxd4 7.Nxd4 g6 8.Bxc6 Bxc6
9.Nxc6 bxc6 10.Qe2 Nd7 11.b3 Bg7 12.Bb2 O-O 13.Nd1 e5 14.Ba3 Nb6 15.Ne3 Qc7
16.Rad1 Rfd8 17.c4 Bf8 18.h4 a5 19.Rd2 a4 20.b4 Qe7 21.h5 Qh4 22.hxg6 hxg6
23.Qd3 Bh6 24.Rc1 Nd7 25.g3 Qh3 26.Rcd1 Nf6 27.Bb2 Kg7 28.Qe2 Nxe4 29.Rxd6 Nxd6
30.Bxe5+ Kg8 31.Bxd6 Qe6 32.c5 Bf8 33.Qc4 Bxd6 34.Qxe6 fxe6 35.cxd6 Rab8
36.a3 Rb5 37.Kf1 Kf7 38.Ke2 e5 39.Nc4 Ke6 40.Rd3 c5 41.Re3 cxb4 42.axb4 Rxb4
43.Rxe5+ Kf6 44.Rc5 Ra8 45.Ke3 a3 46.d7 Rd8 47.Ne5 a2 48.Rc8 a1=Q 49.Rxd8 Qd4+
50.Ke2 Rb2+ 51.Ke1 Qxf2+  0-1

[Event "ch-St Petersburg S/F 2011"]
[Site "St Petersburg RUS"]
[Date "2011.02.16"]
[Round "6.16"]
[White "Kadyrov,A"]
[Black "Nikitinyh,B"]
[Result "1/2-1/2"]
[WhiteElo "2153"]
[BlackElo "2247"]

1.e4 c5 2.Nf3 Nc6 3.Bb5 d6 4.Bxc6+ bxc6 5.O-O e5 6.c3 Nf6 7.d4 cxd4 8.cxd4 exd4
9.Qxd4 Be7 10.Bf4 O-O 11.Rd1 Bg4 12.Nbd2 Nh5 13.e5 c5 14.Qe3 d5 15.h3 Nxf4
16.hxg4 Ne6 17.Ne4 d4 18.Qd2 Qd5 19.Ng3 Rae8 20.Nf5 Qe4 21.Nxe7+ Rxe7 22.g5 Qg4
23.Nh2 Qxg5 24.Qxg5 Nxg5 25.f4 Ne4 26.Re1 Ng3 27.Rac1 Rc8 28.Nf3 Rd7 29.Kf2 Nf5
30.g4 Ne7 31.Re4 g6 32.b4 cxb4 33.Rxc8+ Nxc8 34.Nxd4 a5 35.f5 Ne7 36.f6 Nd5
37.Nc6 h6 38.Rc4 g5 39.Rc5 Nc3 40.Rxa5 Rd2+ 41.Kf3 Rxa2 42.Rc5 Ra3 43.Ne7+ Kh7
44.Rc8 Nb5+ 45.Kg2 h5 46.Rf8 hxg4 47.Rxf7+ Kh6 48.Ng8+ Kg6 49.Rg7+ Kf5 50.f7 Ra8
51.Nh6+ Kf4 52.Rg8 Ra2+ 53.Kf1 Ra1+ 54.Kg2 Ra2+ 55.Kf1  1/2-1/2

[Event "G-TEAM Open"]
[Site "Novy Bor CZE"]
[Date "2011.02.17"]
[Round "7"]
[White "Baciu,D"]
[Black "Klima,L"]
[Result "0-1"]
[WhiteElo "2131"]
[BlackElo "2396"]

1.e4 c5 2.Nf3 Nc6 3.Bb5 e6 4.Bxc6 bxc6 5.d3 d6 6.O-O e5 7.Nc3 g6 8.h3 Nh6
9.Be3 f6 10.Nd2 Nf7 11.f4 exf4 12.Bxf4 Be6 13.Nf3 g5 14.Bg3 h5 15.d4 g4 16.hxg4 hxg4
17.Nh4 cxd4 18.Qxd4 Ne5 19.Nf5 Qc7 20.Rad1 O-O-O 21.Qa4 Bxf5 22.exf5 d5 23.Ne2 Bc5+
24.Nd4 Rd7 25.b4 Bb6 26.b5 cxb5 27.Qxb5 Qc4 28.Qxc4+ dxc4 29.c3 Nd3 30.Rf4 Nxf4
31.Bxf4 Re8 32.Kf2 Re4 33.Be3 Rd5 34.Rh1 Rde5 35.Rh8+ Kb7 36.Rh7+ Ka6  0-1

[Event "ch-St Petersburg S/F 2011"]
[Site "St Petersburg RUS"]
[Date "2011.02.18"]
[Round "8.19"]
[White "Pershin,Denis"]
[Black "Gorbatenko,A"]
[Result "1-0"]
[WhiteElo "1975"]
[BlackElo "2127"]

1.e4 c5 2.Nf3 Nc6 3.Bb5 e6 4.Bxc6 bxc6 5.O-O d5 6.d3 Ne7 7.b3 Ng6 8.Bb2 f6
9.Ba3 Bd6 10.Nc3 O-O 11.Qd2 Ba6 12.Rfe1 Bf4 13.Qe2 Re8 14.Bxc5 Qa5 15.b4 Qa3
16.Rab1 Bb7 17.Rb3 Qa6 18.d4 Qxe2 19.Rxe2 Bc7 20.exd5 exd5 21.Rxe8+ Rxe8
22.Bxa7 Nh4 23.Rb1 Nxf3+ 24.gxf3 Bc8 25.a4 Bh3 26.b5 Re6 27.b6 f5 28.Ne2 Rg6+
29.Ng3 Bxb6 30.Bxb6 f4 31.a5 fxg3 32.a6 gxf2+ 33.Kxf2 Rg2+ 34.Ke3 Rxc2 35.a7 Ra2
36.Bc5 Kf7 37.Rb8  1-0

[Event "ch-POL Women"]
[Site "Warsaw POL"]
[Date "2011.02.18"]
[Round "7"]
[White "Jaracz,B"]
[Black "Toma,K"]
[Result "1-0"]
[WhiteElo "2274"]
[BlackElo "2238"]

1.e4 c5 2.Nf3 Nc6 3.Bb5 e6 4.O-O Nge7 5.Re1 a6 6.Bf1 g6 7.c3 Bg7 8.d4 cxd4
9.cxd4 d5 10.e5 b5 11.Nbd2 Qb6 12.Nb3 Nf5 13.g4 Nfe7 14.Be3 Na5 15.Nxa5 Qxa5
16.Bd2 Qb6 17.Bb4 Bd7 18.Qd2 Nc6 19.Bc5 Qb7 20.Rac1 h6 21.Rc2 Rc8 22.Rec1 f5
23.exf6 Bxf6 24.Qf4 Kf7 25.Ne5+ Kg7 26.Bd6 g5 27.Qe3 Rhe8 28.Bd3 Nxe5 29.dxe5 Bd8
30.Rxc8 Bxc8 31.Bb1 Rh8 32.Qd3 Qf7 33.Rxc8 Bb6 34.Rc2 h5 35.Bc5 Bd8 36.Re2 hxg4
37.Qg3 Rh4 38.Bc2 Qh5 39.Re3 Ba5 40.b4 Bc7 41.Bd1 Bd8 42.h3 Qh7 43.Bxg4 Qb1+
44.Kg2 Kg8  1-0

[Event "ch-ROU Women"]
[Site "Sarata Monteoru ROU"]
[Date "2011.02.19"]
[Round "8.2"]
[White "Bulmaga,I"]
[Black "Anusca,M"]
[Result "1-0"]
[WhiteElo "2260"]
[BlackElo "2029"]

1.e4 c5 2.Nf3 Nc6 3.Bb5 e6 4.Bxc6 bxc6 5.O-O Ne7 6.d3 Ng6 7.Ng5 f6 8.Nh3 Be7
9.f4 O-O 10.Qe2 d6 11.Nd2 Re8 12.Nf3 e5 13.f5 Nf8 14.Nf2 d5 15.c4 Qd6 16.g4 a6
17.Kh1 Ra7 18.Rg1 d4 19.h4 Rd8 20.Bd2 a5 21.Raf1 Qb8 22.Bc1 Kf7 23.g5 Ke8
24.Ng4 Kd7 25.gxf6 gxf6 26.Bh6 Qd6 27.Bg7 Ba6 28.Ngxe5+ Kc8 29.Nf7  1-0

[Event "ch-FRA Blitz 2011"]
[Site "Nice FRA"]
[Date "2011.02.20"]
[Round "1"]
[White "Roussiere,C"]
[Black "Maze,S"]
[Result "0-1"]
[WhiteElo "2027"]
[BlackElo "2571"]

1.e4 c5 2.Nf3 Nc6 3.Bb5 g6 4.O-O Bg7 5.c3 Nf6 6.Re1 O-O 7.d4 d5 8.exd5 Qxd5
9.c4 Qd6 10.d5 Nd4 11.Nxd4 cxd4 12.h3 a6 13.Ba4 Nd7 14.Bg5 Be5 15.Nd2 Nc5
16.Ne4 Nxe4 17.Rxe4 Bf5 18.Rxd4 Bxd4 19.Qxd4 f6 20.Be3 e5 21.Qb6 Qxb6 22.Bxb6 Rf7
23.d6 Bd7 24.Bb3 Be6 25.Ba4 Rc8 26.Rc1 Kg7 27.c5 Bd7 28.Bb3 Rff8 29.Bd5 Bc6
30.Be6 Ra8 31.b4 f5 32.Bb3 Kf6 33.Rd1 f4 34.a4 g5 35.f3 h5 36.d7 Ke7  0-1

[Event "ch-FRA Blitz 2011"]
[Site "Nice FRA"]
[Date "2011.02.20"]
[Round "9"]
[White "Bacrot,E"]
[Black "Maze,S"]
[Result "1-0"]
[WhiteElo "2723"]
[BlackElo "2571"]

1.e4 c5 2.Nf3 Nc6 3.Bb5 e6 4.O-O Nge7 5.Re1 a6 6.Bxc6 Nxc6 7.d4 cxd4 8.Nxd4 Qc7
9.Nc3 d6 10.Nxc6 bxc6 11.Qg4 e5 12.Qg3 h5 13.h4 Be6 14.b3 Be7 15.Be3 O-O
16.Bh6 Bf6 17.Bg5 Qe7 18.Bxf6 Qxf6 19.Rad1 Rad8 20.Rd3 Qe7 21.Red1 f6 22.Qg6 Bf7
23.Qf5 g6 24.Qf3 Kg7 25.Qe3 Qc7 26.Qe2 Qa5 27.Qe1 d5 28.Na4 Qxe1+ 29.Rxe1 d4
30.Nc5 a5 31.Red1 Ra8 32.f3 Rfb8 33.a4 Rb4 34.Kf2 Ra7 35.c3 dxc3 36.Rxc3 Kf8
37.Rd6 Kg7 38.Rxc6 Ra8 39.Rc7 Kg8 40.Rd3 Rf8 41.Rdd7 Rb6 42.Ke2 g5 43.g3 Kg7
44.Kd2 Kg6 45.Kc3 Bg8 46.Rg7+ Kh6 47.Rge7 f5 48.Nd7 Rxb3+ 49.Kc2 Rd8 50.Rc6+  1-0

[Event "ch-FRA Blitz 2011"]
[Site "Nice FRA"]
[Date "2011.02.20"]
[Round "11"]
[White "Fedorchuk,S"]
[Black "Libiszewski,F"]
[Result "1-0"]
[WhiteElo "2650"]
[BlackElo "2496"]

1.e4 c5 2.Nf3 Nc6 3.Bb5 g6 4.Bxc6 bxc6 5.O-O Bg7 6.Re1 d6 7.c3 Nh6 8.d4 Qb6
9.h3 O-O 10.Na3 cxd4 11.cxd4 Be6 12.b3 d5 13.Ng5 Bc8 14.Bb2 dxe4 15.Nc4 Qc7
16.Nxe4 Nf5 17.d5 cxd5 18.Qxd5 Bb7 19.Qc5 Qf4  1-0

[Event "61st ch-RUS w 1st League"]
[Site "Ivanovo RUS"]
[Date "2011.02.21"]
[Round "1"]
[White "Bukhteeva,V"]
[Black "Adamova,T"]
[Result "1-0"]
[WhiteElo "2144"]
[BlackElo "1812"]

1.e4 c5 2.Nf3 Nc6 3.Bb5 e6 4.O-O Nge7 5.Re1 a6 6.Bf1 d5 7.exd5 Nxd5 8.d4 Be7
9.c4 Nf6 10.Be3 cxd4 11.Nxd4 Nxd4 12.Bxd4 O-O 13.Nc3 Bd7 14.Qd2 Bc6 15.Rad1 h6
16.a3 a5 17.Qe3 Qc8 18.Bd3 Nd7 19.Bb1 Bf6 20.Qd3 g6 21.Qc2 Bxd4 22.Rxd4 Nf6
23.Qd2 Kg7 24.Rh4 Rh8 25.Ne2 Qd7 26.Qc3 g5 27.Rd4 Qc7 28.Ng3 e5 29.Nf5+ Kf8
30.Rd6 Nd7 31.Rxh6 Rxh6 32.Nxh6 Re8 33.Nf5 Nc5 34.Qh3 Kg8 35.Ne7+ Kf8 36.Nf5 Kg8
37.Qh6 f6 38.Qg6+ Kh8 39.Qxf6+ Kg8 40.Nh6+  1-0

[Event "61st ch-RUS w 1st League"]
[Site "Ivanovo RUS"]
[Date "2011.02.22"]
[Round "2"]
[White "Kabanova,E"]
[Black "Markelova,L"]
[Result "1-0"]
[WhiteElo "2190"]
[BlackElo "2076"]

1.e4 c5 2.Nf3 Nc6 3.Bb5 g6 4.Bxc6 dxc6 5.O-O Bg7 6.d3 e5 7.Be3 b6 8.Qd2 Bg4
9.Ne1 Ne7 10.h3 Be6 11.Bh6 O-O 12.Nf3 f6 13.Bxg7 Kxg7 14.Qc3 Qc7 15.Nbd2 g5
16.Nc4 Ng6 17.Rfe1 h5 18.Ne3 Qd7 19.Nh2 Rh8 20.Nhf1 Rh7 21.Ng3 Nh4 22.Kf1 Kh8
23.a4 a5 24.Ke2 Ng6 25.Ngf5 Nf4+ 26.Kf1 Rb8 27.Kg1 Qc7 28.b3 Qd7 29.Kh2 Qc8
30.g3 Ng6 31.Rg1 Qd7 32.Raf1 Rg8 33.Rg2 Qc7 34.Rfg1 Rd8 35.h4 g4 36.Rf1 Ne7
37.Nxe7 Qxe7 38.f4 gxf3 39.Rxf3 Rg8 40.Nf5 Bxf5 41.Rxf5 Rg6 42.Qe1 Qd6 43.Rgf2 Kg8
44.Qe2 Rgh6 45.Qf3 Qe6 46.Qe2 Rh8 47.Rf1 Qe7 48.Rg1 Qe8 49.Rgf1 Qe7 50.Qd1 Qd7
51.Qa1 Qd4 52.Qe1 Rg6 53.Qe2 Rgh6 54.Qf3 Qd6 55.Rg5+ Kf7 56.Qf5 Ke8 57.Rg6 Ke7
58.Rg7+ Kd8 59.Ra7  1-0

[Event "61st ch-RUS w 1st League"]
[Site "Ivanovo RUS"]
[Date "2011.02.22"]
[Round "2"]
[White "Semenova,E"]
[Black "Stepovaia Dianchenko,T"]
[Result "1-0"]
[WhiteElo "2139"]
[BlackElo "2389"]

1.e4 c5 2.Nf3 Nc6 3.Bb5 Nf6 4.Nc3 Qc7 5.O-O Nd4 6.Bc4 a6 7.a4 e6 8.h3 d6
9.d3 Be7 10.Nxd4 cxd4 11.Ne2 e5 12.c3 dxc3 13.Nxc3 O-O 14.Qb3 Bd7 15.Be3 Bc6
16.Rfc1 Qd7 17.f3 Nh5 18.Nd5 Bd8 19.d4 Rc8 20.dxe5 dxe5 21.Rd1 Qe8 22.Qb4 Qe6
23.Bc5 Bxd5 24.exd5 Qh6 25.d6 Bg5 26.Bf2 Nf4 27.Bd3 Rcd8 28.d7 Ne6 29.Bf5 Nd4
30.Rxd4 exd4 31.Qxd4 g6 32.Be4 Qg7 33.Qxg7+ Kxg7 34.Rd1 f5 35.Bxb7 Rb8 36.Bxa6 Bf6
37.Bc5 Rfd8 38.b4 Bc3 39.Be7 Bxb4 40.Bxd8 Rxd8 41.Bb5 Bc5+ 42.Kf1 Bb6 43.Rd6 Ba5
44.Ra6 Bb4 45.a5 Kf7 46.Ra7 Ke7 47.a6 Rb8 48.Rb7 Rxb7 49.axb7 Bd6 50.Ke2 g5
51.Kd3 h5 52.Kd4 g4 53.Kd5 Bb8 54.h4 Bc7 55.Kc6 Bb8 56.Bd3  1-0

[Event "e2e4.org.uk Brighton Masters B"]
[Site "Brighton ENG"]
[Date "2011.02.25"]
[Round "4"]
[White "Slavin,A"]
[Black "Tozer,R"]
[Result "1-0"]
[WhiteElo "2417"]
[BlackElo "2298"]

1.e4 c5 2.Nf3 Nc6 3.Bb5 g6 4.O-O Bg7 5.Re1 Nf6 6.Nc3 O-O 7.e5 Ne8 8.d3 Nc7
9.Bc4 d5 10.exd6 exd6 11.Bg5 Bf6 12.Bf4 Be6 13.Ne4 Be7 14.Neg5 d5 15.Bb3 Bg4
16.h3 Bxf3 17.Nxf3 Ne6 18.Bh6 Re8 19.Ne5 Ncd4 20.c3 Nxb3 21.axb3 Bf8 22.Qf3 Re7
23.Bxf8 Kxf8 24.Qf6 Ng7 25.Re2 Qc7 26.Rae1 Rae8 27.Nxf7 Nh5 28.Qxe7+ Rxe7
29.Rxe7 Qxe7 30.Rxe7 Kxe7 31.Ne5 Nf4 32.Kf1 d4 33.cxd4 cxd4 34.g3 Ne6 35.Ke2 Kd6
36.f4 Kc5 37.Kd2 a5 38.Nd7+ Kd6 39.Ne5 b5 40.Nf3 Kc5 41.Kc2 Kd5 42.b4 axb4
43.Ng5 Nc5 44.Nxh7 b3+ 45.Kd2 Na4 46.Kc1 Nc5 47.Kd2 Na4 48.Nf8 Nxb2 49.Nxg6 Nc4+
50.dxc4+ bxc4 51.Ne5 c3+ 52.Kd3 b2 53.Kc2 Ke4 54.h4 Ke3 55.h5 b1=Q+ 56.Kxb1 Kd2
57.Nf3+  1-0

[Event "e2e4.org.uk Brighton Masters A"]
[Site "Brighton ENG"]
[Date "2011.02.25"]
[Round "5"]
[White "Zhou,Y"]
[Black "Suarez Roa,J"]
[Result "1-0"]
[WhiteElo "2325"]
[BlackElo "2207"]

1.e4 c5 2.Nf3 Nc6 3.Bb5 g6 4.Bxc6 bxc6 5.O-O Bg7 6.Re1 d6 7.c3 f6 8.d4 cxd4
9.cxd4 Nh6 10.Qc2 Qb6 11.Nbd2 Nf7 12.Nc4 Qc7 13.Ne3 Qb6 14.h4 O-O 15.h5 e5
16.d5 c5 17.Nh4 Nh8 18.h6  1-0

[Event "61st ch-RUS w 1st League"]
[Site "Ivanovo RUS"]
[Date "2011.02.25"]
[Round "5"]
[White "Galimzianova,A"]
[Black "Figura,L"]
[Result "0-1"]
[WhiteElo "1929"]
[BlackElo "2181"]

1.e4 c5 2.Nf3 Nc6 3.Bb5 g6 4.Bxc6 dxc6 5.d3 Bg7 6.Nc3 e5 7.Be3 Qe7 8.h3 Nf6
9.Qd2 O-O 10.O-O-O Rd8 11.Nh2 b5 12.Bg5 Qe6 13.Bxf6 Bxf6 14.Ng4 Bg7 15.Kb1 a5
16.f4 exf4 17.Qxf4 a4 18.e5 h5 19.Nf6+ Bxf6 20.exf6 Qf5 21.Qh4 a3 22.Rhf1 Qe5
23.Rde1 Qd6 24.g4 c4 25.gxh5 cxd3 26.Rd1 dxc2+ 27.Kxc2 Qh2+ 28.Qf2 Bf5+ 29.Kc1 Rxd1+
30.Nxd1 axb2+ 31.Qxb2 Rxa2 32.Qxh2 Rxh2 33.Ne3 Bxh3 34.Rg1 Re2 35.Rg3 Be6
36.Kd1 Rf2 37.hxg6 Rxf6 38.gxf7+ Kxf7 39.Nc2 Ke7 40.Nb4 Kd6 41.Rc3 c5 42.Rd3+ Ke5
43.Nc6+ Ke4 44.Rg3 Bd5 45.Ne7 Kd4 46.Rg4+ Be4 47.Rg8 b4 48.Rb8 Kc3  0-1

[Event "TCh-CAT Div Hon"]
[Site "Barcelona ESP"]
[Date "2011.02.26"]
[Round "5"]
[White "Bravo Barranco,N"]
[Black "Guerrero Sanmarti,R"]
[Result "1/2-1/2"]
[WhiteElo "2248"]
[BlackElo "2224"]

1.e4 c5 2.Nf3 Nc6 3.Bb5 g6 4.O-O Bg7 5.Re1 Nf6 6.c3 O-O 7.h3 a6 8.Bf1 d5
9.e5 Nd7 10.d4 e6 11.Bg5 f6 12.exf6 Bxf6 13.Bh6 Re8 14.dxc5 Nxc5 15.Nbd2 e5
16.b4 Ne6 17.Qb3 e4 18.Nxe4 dxe4 19.Rxe4 Qe7 20.Rae1 Nd8 21.Bc4 b5 22.Bd5 Ra7
23.Be3 Rc7 24.Bb6 Rxc3 25.Bxd8 Qxd8 26.Bxe6+ Rxe6 27.Rxe6 Rxb3 28.Re8+ Qxe8
29.Rxe8+ Kf7 30.Rxc8 Rb1+ 31.Kh2 Rxb4 32.Rc7+ Ke6 33.Rc6+  1/2-1/2

[Event "61st ch-RUS w 1st League"]
[Site "Ivanovo RUS"]
[Date "2011.02.26"]
[Round "6"]
[White "Rashitova,G"]
[Black "Petrukhina,I"]
[Result "0-1"]
[WhiteElo "1828"]
[BlackElo "2190"]

1.e4 c5 2.Nf3 Nc6 3.Bb5 g6 4.Bxc6 dxc6 5.d3 Bg7 6.h3 Nf6 7.Nc3 Nd7 8.Be3 e5
9.Qd2 h6 10.O-O Qe7 11.a4 Nf8 12.Nh2 Ne6 13.Ne2 Nd4 14.Rab1 Be6 15.f4 Nxe2+
16.Qxe2 exf4 17.Bxf4 O-O-O 18.Be3 b6 19.a5 Kb7 20.Bd2 c4 21.Kh1 Qc5 22.axb6 axb6
23.Be3 cxd3 24.cxd3 Qb5 25.Rfd1 f5 26.Rd2 Rhe8 27.Nf3 fxe4 28.dxe4 Qxe2 29.Rxe2 Bc4
30.Rf2 Bd3 31.Rd1 Bxe4 32.Rxd8 Rxd8 33.Nd2 Bd5 34.b3 Re8 35.Bf4 Re1+ 36.Kh2 Bd4
37.Rf1 Rxf1 38.Nxf1 g5 39.Bd2 Bxb3 40.h4 Bf6 41.Ng3 gxh4 42.Ne4 Be5+ 43.Kh3 Bd5
44.Nc3 Bg3 45.Nxd5 cxd5 46.Kg4 Kc6 47.Kf3 h5 48.Ke2 Kc5 49.Kd3 Bf2 50.Bg5 Kb4
51.Ke2 Bg1 52.Bxh4 Kc3 53.Kd1 Be3 54.Bd8 b5 55.Bf6+ d4  0-1

[Event "61st ch-RUS w 1st League"]
[Site "Ivanovo RUS"]
[Date "2011.02.26"]
[Round "6"]
[White "Komiagina,M"]
[Black "Goryachkina,A"]
[Result "1/2-1/2"]
[WhiteElo "2272"]
[BlackElo "2045"]

1.e4 c5 2.Nf3 Nc6 3.Bb5 d6 4.Bxc6+ bxc6 5.O-O Bg4 6.d3 e5 7.Re1 Nf6 8.c3 Be7
9.Nbd2 O-O 10.h3 Bxf3 11.Nxf3 Qc7 12.d4 cxd4 13.cxd4 exd4 14.Nxd4 Rfe8 15.Bf4 Bf8
16.Qc2 c5 17.Bg5 Nd7 18.Nf5 Ne5 19.Rad1 Rab8 20.Qc3 f6 21.Bf4 Rb4 22.Bxe5 Rxe5
23.f3 Qf7 24.a3 Rb3 25.Qc2 Rb6 26.Ne3 Qb3 27.Qxb3+ Rxb3 28.Nc4 Re8 29.Rd5 Re6
30.Kf2 Kf7 31.Re3 Rxe3 32.Kxe3 g6 33.g4 Ke7 34.b4 Kf7 35.b5 Ke7 36.a4 Kd7
37.f4 Kc7 38.h4 Re8 39.Kf3 Be7 40.g5 Rd8 41.Kg4 Rd7 42.Rd2 Rd8 43.Ne3 Rf8
44.f5 Kd7 45.Nd5 gxf5+ 46.exf5 Rg8 47.Kh5 fxg5 48.f6 Bd8 49.hxg5 Ke6 50.Ne3 Rf8
51.Kg4 h6 52.Nf5 hxg5 53.Rxd6+ Ke5 54.Rc6 Rxf6 55.Rxc5+ Ke4 56.Rc4+ Ke5 57.Rc8 Bb6
58.Re8+ Re6 59.Rxe6+ Kxe6 60.Kxg5 Kd5 61.Ne7+ Kc5 62.Nc6 a6 63.Kf5  1/2-1/2

[Event "TCh-SUI 2011"]
[Site "Switzerland SUI"]
[Date "2011.02.27"]
[Round "1.5"]
[White "Riff,V"]
[Black "Brunner,L"]
[Result "0-1"]
[WhiteElo "2385"]
[BlackElo "2447"]

1.e4 c5 2.Nf3 Nc6 3.Bb5 Qc7 4.O-O Nf6 5.Re1 e5 6.a4 Be7 7.Nc3 d6 8.h3 O-O
9.d3 Be6 10.Bc4 Rae8 11.Bg5 Qd8 12.Bxf6 Bxf6 13.Nd5 g6 14.c3 Bg7 15.Qd2 Kh8
16.Ne3 Bc8 17.Nf1 f5 18.Ng3 fxe4 19.dxe4 Bxh3 20.Ng5 Bh6 21.Nf7+ Rxf7 22.Qxh6 Be6
23.Bxe6 Rxe6 24.Rad1 Ref6 25.Rd2 Ne7 26.Qe3 Qa5 27.Red1 Nc8 28.b3 c4 29.bxc4 Nb6
30.Rxd6 Rxd6 31.Rxd6 Nxc4 32.Rd5 Qxd5 33.exd5 Nxe3 34.fxe3 Rd7 35.c4 Rc7
36.Ne4 Rxc4 37.d6 Rc1+ 38.Kf2 Rd1  0-1

[Event "27th Open"]
[Site "Cappelle la Grande FRA"]
[Date "2011.03.02"]
[Round "6.39"]
[White "Zherebukh,Y"]
[Black "Haast,M"]
[Result "1-0"]
[WhiteElo "2565"]
[BlackElo "2209"]

1.e4 c5 2.Nf3 Nc6 3.Bb5 g6 4.Bxc6 dxc6 5.d3 Bg7 6.h3 Nf6 7.Nc3 Nd7 8.Be3 e5
9.Qd2 Qe7 10.Bh6 f6 11.Bxg7 Qxg7 12.Qe3 Qe7 13.Nd2 Nf8 14.f4 exf4 15.Qxf4 Ne6
16.Qf2 Nd4 17.Nf3 Nxf3+ 18.gxf3 Be6 19.O-O-O O-O-O 20.h4 Qd6 21.Kb1 Qd4 22.Qd2 Rd7
23.Ne2 Qe5 24.h5 Rhd8 25.hxg6 hxg6 26.Qe3 Bf7 27.f4 Qe7 28.Nc3 Rd4 29.b3 b6
30.Rdg1 Qe6 31.Rh7 a5 32.Qf3 f5 33.exf5 gxf5 34.Qh1 R4d6 35.Nb5 cxb5 36.Qa8+ Kc7
37.Rxf7+ R6d7 38.Rxd7+ Rxd7 39.Rg8 Qe1+ 40.Kb2 b4 41.Qc8+ Kd6 42.Rg6+ Ke7
43.Rg7+ Kf6 44.Qf8+  1-0

[Event "27th Open"]
[Site "Cappelle la Grande FRA"]
[Date "2011.03.03"]
[Round "7.51"]
[White "Rzayev,B"]
[Black "Iturrizaga,E"]
[Result "1/2-1/2"]
[WhiteElo "2221"]
[BlackElo "2611"]

1.e4 c5 2.Nf3 Nc6 3.Bb5 Na5 4.c3 a6 5.Ba4 b5 6.Bc2 Bb7 7.d4 cxd4 8.cxd4 g6
9.O-O Bg7 10.b3 Nc6 11.Nc3 d6 12.Bb2 Rc8 13.Rc1 Nf6 14.d5 Nb8 15.b4 O-O 16.a4 Nxd5
17.exd5 Bxc3 18.Bxc3 Rxc3 19.Bxg6 Rxc1 20.Bxh7+ Kxh7 21.Qd3+ Kg8 22.Qf5 Rxf1+
23.Kxf1 e5 24.Qg4+ Kh7 25.Qh3+  1/2-1/2

[Event "27th Open"]
[Site "Cappelle la Grande FRA"]
[Date "2011.03.03"]
[Round "7.33"]
[White "Klinova,M"]
[Black "Djukic,Ni"]
[Result "1/2-1/2"]
[WhiteElo "2295"]
[BlackElo "2494"]

1.e4 c5 2.Nf3 Nc6 3.Bb5 g6 4.Bxc6 dxc6 5.d3 Bg7 6.Nc3 e5 7.Be3 Qe7 8.h3 Nf6
9.Qd2 Nd7 10.O-O Nf8 11.Bh6 Ne6 12.Bxg7 Nxg7 13.Qh6 f6 14.Nh2 Ne6 15.Ne2 Qg7
16.Qxg7 Nxg7 17.f4 exf4 18.Rxf4 O-O 19.Raf1 f5 20.exf5 Bxf5 21.Ng4 Bxg4 22.Rxg4 Nf5
23.Re4 Rfe8 24.Re1 Rxe4 25.dxe4 Ne3 26.c3 Rd8 27.Nf4 Rd1 28.Kf2 Rxe1 29.Kxe1 g5
30.Ne6 h6 31.g3 Nc4 32.Nxc5 b6 33.Nd3 Nd6 34.Nf2 Kf7 35.Ke2 Ke6 36.b3 c5
37.Ke3 c4 38.Kd4 cxb3 39.axb3 h5 40.c4 Nb7 41.Nd3 Na5 42.b4 Nc6+ 43.Kc3 a6
44.h4 gxh4 45.gxh4 Ne7 46.Kd4 Ng6 47.c5 bxc5+ 48.Nxc5+ Kd6 49.Nxa6 Nxh4 50.e5+ Kc6
51.Nc5 Ng6 52.Ke4 h4 53.Nd3 h3 54.Kf3 Kd5  1/2-1/2

[Event "27th Open"]
[Site "Cappelle la Grande FRA"]
[Date "2011.03.03"]
[Round "7.36"]
[White "Matjushin,G"]
[Black "Duijker,R"]
[Result "1-0"]
[WhiteElo "2490"]
[BlackElo "2295"]

1.e4 c5 2.Nf3 Nc6 3.Bb5 Na5 4.d4 a6 5.Bd3 cxd4 6.Nxd4 b5 7.O-O e6 8.Nc3 Bb7
9.Qe2 Be7 10.Be3 Qc7 11.Rae1 Nf6 12.Bg5 d6 13.Kh1 Rc8 14.f4 Nc4 15.e5 dxe5
16.fxe5 Nd5 17.Bxe7 Nxc3 18.Qg4 Qxe7 19.Qxg7 Qf8 20.Nxe6 Qxg7 21.Nxg7+ Kf8
22.Ne6+ Ke7 23.Ng5 Bxg2+ 24.Kxg2 Rhg8 25.Rxf7+ Ke8 26.Rxh7 Rxg5+ 27.Kf2 Nd5
28.Rh8+ Kd7 29.e6+ Kc7 30.Rxc8+ Kxc8 31.Bxc4 bxc4 32.e7 Nxe7 33.Rxe7 Rb5
34.b3 cxb3 35.axb3 Rc5 36.c4 a5 37.Re4 Rf5+ 38.Kg3 Rf1 39.Re5 Rg1+ 40.Kf4 Rh1
41.Rxa5 Rxh2 42.Ke4 Rd2 43.Rd5 Rb2 44.Rd3 Kc7 45.Kd4 Kc6 46.Kc3 Rb1 47.Rh3 Rc1+
48.Kb4 Rb1 49.Rg3 Rb2 50.Rg6+ Kc7 51.c5 Rb1 52.Kc4 Rg1 53.Rxg1  1-0

[Event "Noteboom Memorial GpA"]
[Site "Leiden NED"]
[Date "2011.03.04"]
[Round "1"]
[White "Peiter,A"]
[Black "Nijboer,F"]
[Result "0-1"]
[WhiteElo "2055"]
[BlackElo "2555"]

1.e4 c5 2.Nf3 Nc6 3.Bb5 e6 4.O-O Nge7 5.Re1 a6 6.Bf1 d5 7.exd5 Qxd5 8.Nc3 Qd8
9.d3 Nf5 10.Bf4 f6 11.h3 Be7 12.Ne4 e5 13.Bh2 O-O 14.a4 Nh6 15.c3 Nf7 16.Qc2 Bd7
17.Ned2 Rc8 18.Nc4 b5 19.axb5 axb5 20.Ne3 Be6 21.Ra6 Qd7 22.Rea1 Rfd8 23.Qe2 Nd6
24.Nd2 Ne8 25.Qf3 f5 26.Rd1 Nf6 27.Raa1 Bd6 28.Kh1 Ne7 29.Be2 Ng6 30.g3 f4
31.Ng4 Nxg4 32.hxg4 fxg3 33.Bxg3 Rf8 34.Qg2 Bxg4 35.Bxg4 Qxg4 36.Qd5+ Kh8
37.Qxd6 Rxf2 38.Bxf2 Nf4  0-1